World's Newest Countries Quiz Stats

 Plays Quiz not verified by Sporcle

Support Sporcle.
Go Orange.
Score 0/32 Timer 03:00
0 Plays Today
Origin Country % Correct
Former YugoslaviaSerbia
94.3%
Union of Soviet Socialist RepublicsLatvia
91.9%
Union of Soviet Socialist RepublicsUkraine
91.9%
Former YugoslaviaCroatia
91.7%
Union of Soviet Socialist RepublicsBelarus
91.6%
Union of Soviet Socialist RepublicsEstonia
91.5%
Union of Soviet Socialist RepublicsLithuania
91.5%
Former YugoslaviaMontenegro
91.2%
Union of Soviet Socialist RepublicsKazakhstan
90.8%
Former YugoslaviaSlovenia
90.5%
Union of Soviet Socialist RepublicsTurkmenistan
89.8%
Former YugoslaviaBosnia and Herzegovina
89.8%
Union of Soviet Socialist RepublicsTajikistan
89%
Union of Soviet Socialist RepublicsUzbekistan
88.8%
Former YugoslaviaMacedonia
88%
Union of Soviet Socialist RepublicsGeorgia
87.9%
Origin Country % Correct
Union of Soviet Socialist RepublicsAzerbaijan
87.6%
Union of Soviet Socialist RepublicsArmenia
87.4%
Union of Soviet Socialist RepublicsKyrgyzstan
86.6%
Union of Soviet Socialist RepublicsMoldova
85.1%
Union of Soviet Socialist RepublicsRussia
81.8%
Former YugoslaviaKosovo
79%
OtherSlovakia
72.5%
OtherCzech Republic
70.2%
OtherEast Timor
60%
OtherGermany
43%
OtherEritrea
39.7%
OtherPalau
38.7%
OtherMarshall Islands
30.1%
OtherMicronesia
30%
OtherYemen
26.4%
OtherNamibia
23.8%

You're not logged in!

Compare scores with friends on all Sporcle quizzes.
OR
Log In

From the Vault

The 3rd Thing You Need to Know: The 1980s

by MrWhiplash

The 1st and 2nd things are optional.
Remove Ads.
Support Sporcle.
Get the best of Sporcle when you Go Orange. This ad-free experience offers more features, more stats, and more fun while also helping to support Sporcle. Thank you for becoming a member.

Show Comments

Extras

Top Quizzes Today


Score Distribution

Your Account Isn't Verified!

In order to create a playlist on Sporcle, you need to verify the email address you used during registration. Go to your Sporcle Settings to finish the process.

Report this User

Report this user for behavior that violates our Community Guidelines.

Details: